Integrated electronics :analog and digital circuit and system (Record no. 240)
[ view plain ]
| 000 -LEADER | |
|---|---|
| fixed length control field | 00791nam a22002657a 4500 |
| 008 - FIXED-LENGTH DATA ELEMENTS--GENERAL INFORMATION | |
| fixed length control field | 130427b xxu||||| |||| 00| 0 eng d |
| 020 ## - INTERNATIONAL STANDARD BOOK NUMBER | |
| International Standard Book Number | 0-07-185493-9 |
| 024 ## - OTHER STANDARD IDENTIFIER | |
| Terms of availability | Available |
| 037 ## - SOURCE OF ACQUISITION | |
| Terms of availability | Available |
| 040 ## - CATALOGING SOURCE | |
| Original cataloging agency | MBSTU LIBRARY |
| Modifying agency | MBSTU LIBRARY |
| 082 ## - DEWEY DECIMAL CLASSIFICATION NUMBER | |
| Edition number | 22 |
| Classification number | 621.381 MAI |
| 100 ## - MAIN ENTRY--PERSONAL NAME | |
| Personal name | Millman , Jacob. |
| 110 ## - MAIN ENTRY--CORPORATE NAME | |
| Corporate name or jurisdiction name as entry element | Christas C. Halkias. |
| 245 ## - TITLE STATEMENT | |
| Title | Integrated electronics :analog and digital circuit and system |
| 260 ## - PUBLICATION, DISTRIBUTION, ETC. (IMPRINT) | |
| Place of publication, distribution, etc. | Tokyo |
| Name of publisher, distributor, etc. | McGraw-Hill |
| Date of publication, distribution, etc. | 2005 |
| 300 ## - PHYSICAL DESCRIPTION | |
| Extent | 21 cm. |
| Other physical details | 911 page |
| Type of unit | 16 |
| Size of unit | 21 cm |
| 440 ## - SERIES STATEMENT/ADDED ENTRY--TITLE | |
| Title | Electrical and electronic engineering series |
| 600 ## - SUBJECT ADDED ENTRY--PERSONAL NAME | |
| Personal name | Electronics. |
| 650 ## - SUBJECT ADDED ENTRY--TOPICAL TERM | |
| Source of heading or term | Electronics. |
| 700 ## - ADDED ENTRY--PERSONAL NAME | |
| Personal name | Millman , Jacob... |
| 270 ## - ADDRESS | |
| Address | Tokyo |
| City | Tokyo |
| Country | Japan |
| 365 ## - TRADE PRICE | |
| Price amount | 467.00 |
| Unit of pricing | 467.00 |
| 942 ## - ADDED ENTRY ELEMENTS (KOHA) | |
| Source of classification or shelving scheme | |
| Koha item type | Books |
No items available.
